000 00963nam a2200301 i 4500
001 bgj
100 1 _aKINGSBURY, Roy
245 1 0 _aLongman Proficiency Practice Exams /
_cRoy Kingsbury and Guy Wellman.
250 _a[5th impr.].
260 _a[Harlow, Essex] :
_bLongman,
_c1991.
300 _a86 pp :
_bill. ;
_c25 cm.
490 1 _aLongman for the Cambridge Examination
500 _a1st published in 1986.
505 _aIncludes tapescripts.
650 9 _aEnglish language
_xCPE
650 9 _aEnglish language
_xCPE examinations
650 9 _aEnglish language
_xCPE practice tests
650 9 _aEnglish language
_xProficiency practice tests
655 _aExaminations, questions, etc.
700 1 _aWELLMAN, Guy.
_eco-author
830 _aLongman for the Cambridge Examination
020 _a0582559545 (pbk)
040 _cBPK
041 0 _aeng
920 _a0-582-55954-5 (pbk)
942 _cKS
008 s uk f |000 0 eng
999 _c41421
_d41421
856 _uhttp://koha.tu.koszalin.pl/cgi-bin/koha/opac-detail.pl?biblionumber=41421
_yKatalog online BPK